| 000 | 01119nam a2200325 a 4500 | ||
|---|---|---|---|
| 001 | 3854176 | ||
| 003 | OSt | ||
| 005 | 20230620090213.0 | ||
| 008 | 880308s1987 enkb b 001 0 eng | ||
| 010 | _a 87981440 | ||
| 020 |
_a9966463267 (Kenya) : _cK120.00 |
||
| 040 |
_aDLC _cDLC _dDLC |
||
| 043 | _af-ke--- | ||
| 082 | 0 | 0 |
_a307.33 _bKAN |
| 100 | 1 | _aKanogo, Tabitha M. | |
| 245 | 1 | 0 |
_aSquatters and the roots of Mau Mau, 1905-63 / _cTabitha Kanogo. |
| 260 |
_aLondon : _bJ. Currey ; _aNairobi : _bHeinemann Kenya, _c1987. |
||
| 300 |
_axviii, 206 p. : _bmaps ; _c21 cm. |
||
| 500 | _aCover title: Squatters & the roots of Mau Mau. | ||
| 500 | _aIncludes index. | ||
| 504 | _aBibliography: p. [188]-197. | ||
| 610 | 2 | 0 |
_aMau Mau _xHistory. |
| 650 | 0 |
_aMigrant agricultural laborers _zKenya _xHistory _y20th century. |
|
| 650 | 0 |
_aSquatters _zKenya _xHistory _y20th century. |
|
| 650 | 0 |
_aKikuyu (African people) _xHistory. |
|
| 740 | 0 | _aSquatters & the roots of Mau Mau. | |
| 906 |
_a7 _bcbc _corignew _d3 _encip _f19 _gy-gencatlg |
||
| 942 |
_2ddc _cBK |
||
| 999 |
_c1487 _d1487 |
||